000
00199nam a2200085Ia 4500
008
170620s9999 xx 000 0 und d
100
_a
Bare- Act
245
0
_a
Limitation Act- 1963
260
_b
Universal Law Pub.
260
_c
2014
999
_c
29795
_d
29795